000 01658nam a2200241Ia 4500
008 260220t1965||||xx |||||||||||||| ||spa||
040 _aPY-SlUNAC
_bspa
_erda
041 _aspa
082 _a634.8
_bW729v
100 _aWinkler, A. J.
_eAutor
245 0 _aViticultura /
_cpor A. J. Winkler [Autor]
264 _aCiudad de México :
_bContinental,
_c℗1965.
300 _a1 volumen
520 _aEn "Viticultura", A. J. Winkler ofrece un análisis exhaustivo de los principios y prácticas de la viticultura, destacando la importancia del clima, el suelo y las técnicas de cultivo en la producción de uvas de alta calidad. A lo largo del texto, se exploran las variedades de uva más relevantes, así como los métodos de cultivo y las innovaciones tecnológicas que han transformado esta actividad agrícola. Winkler también aborda la influencia de factores ambientales en el desarrollo de las vides y su relación con la calidad del vino producido. Además, se incluyen aspectos sobre la gestión de viñedos y la importancia del conocimiento científico en la toma de decisiones para maximizar la producción y la sostenibilidad. Con un enfoque práctico y accesible, este libro se convierte en una referencia fundamental tanto para viticultores novatos como para expertos en la materia, ofreciendo una comprensión profunda de los desafíos y oportunidades en el mundo de la viticultura.
653 _aAgricultura
653 _aDesarrollo rural
653 _aViticultura
942 _b2026/02/17
_cBK
999 _c8683
_d8683